<?xml version="1.0" encoding="UTF-8"?>
<record
    xmlns:xsi="http://www.w3.org/2001/XMLSchema-instance"
    xsi:schemaLocation="http://www.loc.gov/MARC21/slim http://www.loc.gov/standards/marcxml/schema/MARC21slim.xsd"
    xmlns="http://www.loc.gov/MARC21/slim">

  <leader>00664nam a22002297a 4500</leader>
  <controlfield tag="003">OSt</controlfield>
  <controlfield tag="005">20260703093857.0</controlfield>
  <controlfield tag="008">260703b        ar ||||| |||| 00| | spa d</controlfield>
  <datafield tag="040" ind1=" " ind2=" ">
    <subfield code="a">HCSPBA</subfield>
  </datafield>
  <datafield tag="041" ind1=" " ind2=" ">
    <subfield code="a">spa</subfield>
  </datafield>
  <datafield tag="100" ind1=" " ind2=" ">
    <subfield code="a">Calder&#xF3;n de la Barca, Pedro</subfield>
  </datafield>
  <datafield tag="245" ind1=" " ind2=" ">
    <subfield code="a">Comedias de don Pedro Calder&#xF3;n de la Barca.</subfield>
    <subfield code="n">Tomo 4.</subfield>
  </datafield>
  <datafield tag="260" ind1=" " ind2=" ">
    <subfield code="a">Madrid.</subfield>
    <subfield code="b">Librer&#xED;a Hernando.</subfield>
    <subfield code="c">1926.</subfield>
  </datafield>
  <datafield tag="300" ind1=" " ind2=" ">
    <subfield code="a">4 v.</subfield>
  </datafield>
  <datafield tag="490" ind1=" " ind2=" ">
    <subfield code="a">Biblioteca de autores espa&#xF1;oles, desde la formaci&#xF3;n del lenguaje hasta nuestros d&#xED;as </subfield>
    <subfield code="v"> 14</subfield>
  </datafield>
  <datafield tag="650" ind1=" " ind2=" ">
    <subfield code="a">TEATRO</subfield>
  </datafield>
  <datafield tag="650" ind1=" " ind2=" ">
    <subfield code="a">LITERATURA</subfield>
  </datafield>
  <datafield tag="650" ind1=" " ind2=" ">
    <subfield code="a">HISTORIA</subfield>
  </datafield>
  <datafield tag="651" ind1=" " ind2=" ">
    <subfield code="a">ESPA&#xD1;A</subfield>
  </datafield>
  <datafield tag="700" ind1=" " ind2=" ">
    <subfield code="a">Hartzenbusch, Juan Eugenio</subfield>
    <subfield code="e">04</subfield>
  </datafield>
  <datafield tag="942" ind1=" " ind2=" ">
    <subfield code="c">LIB</subfield>
  </datafield>
  <datafield tag="952" ind1=" " ind2=" ">
    <subfield code="6">1803_T14</subfield>
    <subfield code="8">DEP</subfield>
    <subfield code="9">109172</subfield>
    <subfield code="a">LEG</subfield>
    <subfield code="d">2026-07-03</subfield>
    <subfield code="l">0</subfield>
    <subfield code="o">1803 T.14</subfield>
    <subfield code="p">LEG-LIB-020876</subfield>
    <subfield code="w">2026-07-03</subfield>
    <subfield code="y">LIB</subfield>
    <subfield code="7">2</subfield>
  </datafield>
  <datafield tag="999" ind1=" " ind2=" ">
    <subfield code="c">65178</subfield>
    <subfield code="d">134647</subfield>
  </datafield>
</record>
